00409 2200157 4500001002100000008004100021035002000062245005300082100002200135260002700157300001100184020002200195084001400217082000800231990001200239INLIS000000000002844 IND  a0010-0925000191 aKisah Teladan 25 Nabi & RasulcMB. Rahiasyah AR. aMB. Rahiasyah AR. aSolobLingkar Mediac- a192c- a978-602-279-143-0 a813 RAH k a813 a0755066